[Event "Zottegem - Wirtzfeld"]
[Site "?"]
[Date "2012.10.07"]
[Round "2.7"]
[White "De Herdt, Yasseen"]
[Black "Pytel, Krzysztof"]
[Result "0-1"]
[WhiteElo "2096"]
[BlackElo "2317"]
[PlyCount "80"]
[EventDate "2012.??.??"]

1. e4 c5 2. Nf3 a6 3. c4 Nc6 4. d4 cxd4 5. Nxd4 e5 6. Nf5 d5 7. cxd5 Bxf5 8.
exf5 Nd4 9. Nc3 Ne7 10. Be3 Nexf5 11. g4 Nxe3 12. fxe3 Qh4+ 13. Kd2 Qf2+ 14.
Kd3 Ne6 15. Qe2 Nc5+ 16. Kc2 Qxe2+ 17. Bxe2 Rc8 18. Kd2 Be7 19. Rab1 O-O 20.
Rhd1 Rfd8 21. Bf3 b5 22. Ke2 g6 23. Rd2 Nb7 24. Ne4 f5 25. gxf5 gxf5 26. Rg1+
Kh8 27. Ng5 Bxg5 28. Rxg5 Nd6 29. e4 fxe4 30. Bg4 Rg8 31. Rxg8+ Rxg8 32. h3 Rg5
33. Rc2 h5 34. Rc6 hxg4 35. Rxd6 g3 36. Kf1 e3 37. Rc6 e2+ 38. Kxe2 g2 39. Rc1
g1=Q 40. Rxg1 Rxg1 0-1

[Event "Zottegem - Wirtzfeld"]
[Site "?"]
[Date "2012.10.07"]
[Round "2.5"]
[White "Ghysels, Marc"]
[Black "Sonntag, Hans Hubert"]
[Result "1/2-1/2"]
[WhiteElo "2144"]
[BlackElo "2374"]
[PlyCount "94"]
[EventDate "2012.??.??"]

1. e4 e5 2. Bc4 Nf6 3. Qf3 Nc6 4. Ne2 Be7 5. Nbc3 O-O 6. d3 d6 7. h3 Na5 8. Be3
c6 9. a3 Nxc4 10. dxc4 Be6 11. b3 a6 12. O-O b5 13. cxb5 axb5 14. Rfd1 Qc7 15.
a4 bxa4 16. Rxa4 d5 17. Bd2 Rxa4 18. bxa4 d4 19. Nb1 c5 20. Ng3 c4 21. Na3 c3
22. Nb5 Qc4 23. Bg5 h6 24. Bxf6 Bxf6 25. Ra1 Ra8 26. Nd6 Qb4 27. Ndf5 Bg5 28.
h4 Bd2 29. Nh5 Bxf5 30. exf5 Rxa4 31. Rxa4 Qxa4 32. Qg4 g6 33. fxg6 fxg6 34.
Qxg6+ Kf8 35. Qd6+ Ke8 36. Qxe5+ Kd8 37. Nf6 Qc4 38. Qe8+ Kc7 39. Qd7+ Kb6 40.
Qd8+ Kb5 41. Qb8+ Ka4 42. Nd7 Ka3 43. Ne5 Qe6 44. Nd3 Ka2 45. Qb4 Qe4 46. Qa4+
Kb1 47. Qb3+ Ka1 1/2-1/2

[Event "Zottegem - Wirtzfeld"]
[Site "?"]
[Date "2012.10.07"]
[Round "2.3"]
[White "Roos, Adrian"]
[Black "Gulbas, Cemil"]
[Result "1-0"]
[WhiteElo "2224"]
[BlackElo "2436"]
[PlyCount "85"]
[EventDate "2012.??.??"]

1. d4 Nf6 2. c4 e6 3. Nc3 Bb4 4. e3 O-O 5. Nge2 d5 6. a3 Be7 7. Nf4 b6 8. cxd5
exd5 9. Bd3 Bb7 10. O-O c5 11. Qf3 Bd6 12. dxc5 bxc5 13. Rd1 Bxf4 14. Qxf4 Qe7
15. b4 Nbd7 16. Bf5 Nb6 17. bxc5 Qxc5 18. Bd2 Nc4 19. Be1 Rfe8 20. Ne2 Ne4 21.
Bb4 Qc6 22. Nd4 Qf6 23. Bxe4 Rxe4 24. Qxf6 gxf6 25. Nf5 Rae8 26. Bc5 a5 27. Ng3
R4e6 28. Rd4 Rc8 29. Rg4+ Kh8 30. Bd4 Ne5 31. Rf4 Kg7 32. h4 Ba6 33. Rd1 Rc2
34. Rb1 Rc8 35. Nh5+ Kg6 36. Nxf6 Rxf6 37. Rxf6+ Kxf6 38. Rb6+ Kf5 39. Bxe5
Rc1+ 40. Kh2 Bc8 41. Bd4 Be6 42. f3 h5 43. Ra6 1-0

[Event "Zottegem - Wirtzfeld"]
[Site "?"]
[Date "2012.10.07"]
[Round "2.1"]
[White "De Schampeleire, Glen"]
[Black "Siebrecht, Sebastian"]
[Result "1-0"]
[WhiteElo "2311"]
[BlackElo "2482"]
[PlyCount "105"]
[EventDate "2012.??.??"]

1. d4 Nf6 2. c4 e6 3. g3 c5 4. d5 exd5 5. cxd5 d6 6. Nc3 g6 7. Bg2 Bg7 8. Nf3
O-O 9. O-O Re8 10. Nd2 Nbd7 11. h3 a6 12. a4 b6 13. e4 Rb8 14. Nc4 Qc7 15. Bf4
Bf8 16. Na3 Nh5 17. Be3 Ng7 18. f4 f5 19. Qd3 fxe4 20. Nxe4 Nf5 21. Bf2 Bg7 22.
g4 Nh6 23. Ng5 Nf8 24. Rae1 Rxe1 25. Rxe1 b5 26. axb5 axb5 27. Ne6 Qf7 28. Nd8
Qxf4 29. Nc6 Ra8 30. Bg3 Qf6 31. Nxb5 Ba6 32. Qa3 Bb7 33. Qb3 Qxb2 34. Qxb2
Bxb2 35. Nxd6 Ba6 36. Ne4 c4 37. Nc5 Bb5 38. d6 Ra3 39. Bd5+ Kh8 40. Kg2 Bf6
41. Rf1 Ra2+ 42. Kh1 Bg7 43. Be5 Ra8 44. Rxf8+ Rxf8 45. Bxg7+ Kxg7 46. Ne6+ Kf7
47. Ned4+ Kg7 48. Nxb5 Rf1+ 49. Kg2 Rd1 50. Nbd4 c3 51. d7 c2 52. d8=Q Rd2+ 53.
Kf3 1-0

[Event "Zottegem - Rochade"]
[Site "?"]
[Date "2012.10.21"]
[Round "3.8"]
[White "Van Melkebeke, Willem"]
[Black "Huesmann, Thomas"]
[Result "1-0"]
[WhiteElo "2077"]
[BlackElo "2240"]
[PlyCount "105"]
[EventDate "2012.??.??"]

1. e4 e5 2. Nf3 Nc6 3. Bc4 Nf6 4. d3 Bc5 5. c3 d6 6. Bb3 O-O 7. h3 Be6 8. Bg5
h6 9. Bh4 Qe7 10. Nh2 g5 11. Bg3 Rad8 12. h4 Kg7 13. hxg5 hxg5 14. Bxe6 Qxe6
15. Nd2 Rh8 16. Ndf3 Rh5 17. Qd2 Kg6 18. Nxg5 Rxg5 19. Nf3 Rh5 20. Rxh5 Nxh5
21. Qg5+ Kh7 22. Qxh5+ Kg7 23. Nh4 Rg8 24. Nf5+ Kf8 25. Ke2 Qg6 26. Qxg6 fxg6
27. Nh4 Nd8 28. Rh1 Ne6 29. Nf3 Bb6 30. Rd1 Rh8 31. d4 exd4 32. cxd4 Rh5 33.
Kd3 a5 34. Kc4 Ng5 35. Nxg5 Rxg5 36. Kd3 Rb5 37. Rd2 Rb4 38. Kc3 Rb5 39. Bf4
Rh5 40. Kc4 Rh1 41. Kb5 Rh4 42. Bxd6+ cxd6 43. Kxb6 Rxe4 44. Kxa5 Ke8 45. Kb6
Re7 46. b4 Kd8 47. b5 Kc8 48. a4 g5 49. d5 Re4 50. a5 Rb4 51. Rc2+ Kd8 52. f3
Rb3 53. Rc7 1-0

[Event "Zottegem - Rochade"]
[Site "?"]
[Date "2012.10.21"]
[Round "3.4"]
[White "Roos, David"]
[Black "Fiebig, Thomas"]
[Result "0-1"]
[WhiteElo "2164"]
[BlackElo "2414"]
[PlyCount "56"]
[EventDate "2012.??.??"]

1. e4 e6 2. Nc3 d5 3. d4 Nf6 4. e5 Nfd7 5. f4 c5 6. Nf3 Nc6 7. Be3 Be7 8. Qd2
O-O 9. Be2 b6 10. O-O-O c4 11. g4 b5 12. f5 b4 13. Nb1 Qa5 14. Bg5 f6 15. exf6
Nxf6 16. Bxf6 Rxf6 17. Ne5 exf5 18. g5 Rd6 19. Rdg1 Nxe5 20. dxe5 Rc6 21. c3
Be6 22. Bf3 Rd8 23. Rd1 Rcc8 24. Qf4 Qxa2 25. h4 Rb8 26. Rh2 bxc3 27. Nxc3 Qa1+
28. Nb1 c3 0-1

[Event "Zottegem - KGSRL"]
[Site "?"]
[Date "2013.01.13"]
[Round "7.7"]
[White "Ghyselen, Wouter"]
[Black "Vanheirzeele, Daniël"]
[Result "1/2-1/2"]
[WhiteElo "2130"]
[BlackElo "2201"]
[PlyCount "68"]
[EventDate "2013.??.??"]

1. e4 c5 2. Nf3 e6 3. b3 a6 4. Bb2 Nc6 5. Qe2 d6 6. d4 cxd4 7. Nxd4 Qb6 8. Nxc6
bxc6 9. c4 Nf6 10. Nc3 e5 11. O-O-O Be7 12. Na4 Qc7 13. c5 dxc5 14. Qc2 O-O 15.
f3 Nd7 16. Qc3 a5 17. Kc2 Re8 18. Bc4 Bf8 19. Rd2 Nb6 20. Nxb6 Qxb6 21. a4 Rb8
22. Rhd1 Be6 23. Ba3 Bc8 24. Rd3 g6 25. Qd2 h5 26. Bb2 Ba6 27. Qc3 Bc8 28. Kb1
Qc7 29. Ka2 Qb6 30. f4 Qb4 31. Qxb4 cxb4 32. Bxe5 Ra8 33. Rd8 Bg4 34. Rxa8 Rxa8
1/2-1/2

[Event "Zottegem - KGSRL"]
[Site "?"]
[Date "2013.01.13"]
[Round "7.5"]
[White "Roos, David"]
[Black "Wiersma, Eelke"]
[Result "0-1"]
[WhiteElo "2125"]
[BlackElo "2366"]
[PlyCount "84"]
[EventDate "2013.??.??"]

1. e4 c5 2. Nf3 Nc6 3. d4 cxd4 4. Nxd4 e6 5. Nc3 Qc7 6. Be2 a6 7. Be3 b5 8.
Nxc6 dxc6 9. f4 Bb7 10. O-O Be7 11. Qe1 Nf6 12. a3 c5 13. e5 Nd7 14. Qg3 O-O
15. Bf3 c4 16. Bxb7 Qxb7 17. Kh1 Nc5 18. f5 exf5 19. Bh6 Ne6 20. Rxf5 a5 21. a4
b4 22. Nb5 Qe4 23. Raf1 Rad8 24. Nd6 Qxc2 25. h3 Bxd6 26. exd6 Qxb2 27. Bg5
Nxg5 28. Qxg5 Rxd6 29. Qe7 Rf6 30. Rxf6 gxf6 31. Rxf6 Qc1+ 32. Kh2 Qg5 33. Qd6
c3 34. Rf1 c2 35. Qc7 b3 36. Qc3 Rb8 37. Qc7 Rf8 38. Qc3 h6 39. g3 Rd8 40. Qf3
c1=Q 41. Qxf7+ Kh8 42. Rxc1 Qd2+ 0-1

[Event "Zottegem - KGSRL"]
[Site "?"]
[Date "2013.01.13"]
[Round "7.3"]
[White "Roos, Adrian"]
[Black "Van der Stricht, Geert"]
[Result "1/2-1/2"]
[WhiteElo "2255"]
[BlackElo "2396"]
[PlyCount "121"]
[EventDate "2013.??.??"]

1. e4 c5 2. Nf3 d6 3. d4 cxd4 4. Nxd4 Nf6 5. Nc3 a6 6. Be3 e5 7. Nb3 Be7 8. Qd2
Be6 9. O-O-O Ng4 10. g3 Nd7 11. f4 Nxe3 12. Qxe3 O-O 13. Kb1 g6 14. Be2 Re8 15.
h4 b5 16. h5 b4 17. Nd5 Bxd5 18. Rxd5 Bf8 19. hxg6 hxg6 20. f5 gxf5 21. exf5
Nf6 22. Ra5 d5 23. g4 Ne4 24. Qh3 Bg7 25. Qe3 Ng5 26. Qd2 e4 27. Qxb4 d4 28.
Rd1 Rb8 29. Qd2 e3 30. Qe1 Ne4 31. Rxa6 Nf2 32. Rc1 d3 33. cxd3 Nxd3 34. Qd1
Nxc1 35. Qxd8 Rexd8 36. Kxc1 Rbc8+ 37. Kb1 Rd2 38. Nxd2 exd2 39. a4 Rc1+ 40.
Ka2 Re1 41. Bf3 d1=Q 42. Bxd1 Rxd1 43. Ra8+ Kh7 44. Ra7 Rd2 45. Rxf7 Rxb2+ 46.
Ka3 Rf2 47. a5 Kg8 48. Rd7 Bf8+ 49. Kb3 Rf3+ 50. Kc4 Ra3 51. Kb5 Rb3+ 52. Kc6
Rc3+ 53. Kb7 Rb3+ 54. Kc8 Ra3 55. Ra7 Rg3 56. a6 Rxg4 57. Rc7 Ra4 58. a7 Bc5
59. Rxc5 Rxa7 60. Kd8 Kf7 61. Rc6 1/2-1/2

[Event "Zottegem - KGSRL"]
[Site "?"]
[Date "2013.01.13"]
[Round "7.1"]
[White "De Schampheleire, Glen"]
[Black "Michiels, Bart"]
[Result "1-0"]
[WhiteElo "2340"]
[BlackElo "2505"]
[PlyCount "51"]
[EventDate "2013.??.??"]

1. d4 Nf6 2. c4 e6 3. g3 Bb4+ 4. Bd2 Be7 5. Bg2 d5 6. Nf3 O-O 7. O-O c6 8. Qc2
Nbd7 9. Rd1 b6 10. Bf4 Bb7 11. Nc3 dxc4 12. Nd2 Nd5 13. Nxc4 Nxf4 14. gxf4 Qc7
15. e3 Rfd8 16. Rac1 Rac8 17. f5 e5 18. Ne2 exd4 19. Nxd4 a6 20. Qe4 Re8 21.
Ne6 Qb8 22. Rxd7 Bf8 23. Ne5 fxe6 24. f6 Red8 25. f7+ Kh8 26. Ng6+ 1-0

[Event "Zottegem - Fontaine"]
[Site "?"]
[Date "2013.02.17"]
[Round "9.7"]
[White "Van den Heede, Dorian"]
[Black "Le Quang, Kim"]
[Result "0-1"]
[WhiteElo "2080"]
[BlackElo "2304"]
[PlyCount "52"]
[EventDate "2013.??.??"]

1. e4 c5 2. Nf3 e6 3. d4 cxd4 4. Nxd4 Nc6 5. Nc3 Qc7 6. Be3 a6 7. Be2 Nf6 8. a3
b5 9. O-O Bb7 10. f4 Nxd4 11. Qxd4 Rc8 12. Bf3 h5 13. h3 h4 14. e5 Nh5 15. Ne4
Bxe4 16. Bxe4 Ng3 17. Rf2 Bc5 18. Qd3 O-O 19. c3 f6 20. Bd4 fxe5 21. Bh7+ Kh8
22. Bxe5 Qxe5 23. fxe5 Rxf2 24. Kh2 Rcf8 25. Bg6 Rf1 26. Rxf1 Rxf1 0-1

[Event "Zottegem - Fontaine"]
[Site "?"]
[Date "2013.02.17"]
[Round "9.5"]
[White "Ghysels, Marc"]
[Black "Wantiez, Fabrice"]
[Result "1/2-1/2"]
[WhiteElo "2146"]
[BlackElo "2379"]
[PlyCount "86"]
[EventDate "2013.??.??"]

1. e4 e5 2. Nf3 Nc6 3. d4 exd4 4. Bc4 Be7 5. c3 Nf6 6. e5 Ne4 7. cxd4 d5 8. Bb3
Bg4 9. Nc3 Bb4 10. Qd3 Bf5 11. Qe3 Na5 12. O-O Nxb3 13. axb3 O-O 14. Ne1 f6 15.
f3 Nxc3 16. bxc3 Be7 17. Nd3 Re8 18. Re1 fxe5 19. Nxe5 Bf6 20. Ba3 c6 21. Qf4
Be6 22. Nd3 Bg5 23. Qe5 Bd2 24. Red1 Bf7 25. Rxd2 Rxe5 26. Nxe5 Qb6 27. b4 a5
28. Rda2 Be6 29. Bc1 a4 30. Rxa4 Rxa4 31. Rxa4 h6 32. Ra8+ Kh7 33. h4 h5 34. g4
hxg4 35. fxg4 Qb5 36. Kf2 b6 37. h5 Bxg4 38. Nxg4 Qd3 39. Bf4 Qxc3 40. Be5 Qd2+
41. Kf3 Qd1+ 42. Kg3 Qe1+ 43. Kf3 Qd1+ 1/2-1/2

[Event "Zottegem - Fontaine"]
[Site "?"]
[Date "2013.02.17"]
[Round "9.3"]
[White "Roos, Adrian"]
[Black "Claesen, Pieter"]
[Result "0-1"]
[WhiteElo "2254"]
[BlackElo "2381"]
[PlyCount "56"]
[EventDate "2013.??.??"]

1. e4 e6 2. d4 d5 3. Nc3 Nc6 4. e5 f6 5. Bb5 Bd7 6. Nf3 Qe7 7. O-O Qf7 8. a3
O-O-O 9. Re1 Nge7 10. b4 Ng6 11. Bf1 fxe5 12. dxe5 Kb8 13. b5 Nce7 14. Rb1 h6
15. Na4 Nf5 16. c4 dxc4 17. Bxc4 Be7 18. Qe2 Bc8 19. Rb3 Ngh4 20. Bb2 Rhf8 21.
Qf1 b6 22. Nxh4 Nxh4 23. Bd3 Bb7 24. Be4 Rd2 25. f3 Rxg2+ 26. Qxg2 Nxg2 27.
Kxg2 Bxe4 28. Rxe4 Qg6+ 0-1

[Event "Zottegem - Fontaine"]
[Site "?"]
[Date "2013.02.17"]
[Round "9.1"]
[White "De Schampheleire, Glen"]
[Black "Ringoir, Tanguy"]
[Result "1/2-1/2"]
[WhiteElo "2311"]
[BlackElo "2457"]
[PlyCount "94"]
[EventDate "2013.??.??"]

1. Nf3 d5 2. d4 Nf6 3. c4 c6 4. e3 Bg4 5. Qb3 Qb6 6. Nc3 e6 7. Nh4 Bh5 8. h3 g5
9. Nf3 h6 10. Bd3 Rg8 11. Qc2 Nbd7 12. Bd2 Bg6 13. Bxg6 Rxg6 14. c5 Qc7 15. e4
Nxe4 16. Nxe4 dxe4 17. Qxe4 Nf6 18. Qe2 O-O-O 19. O-O-O Rg8 20. Qc4 Ne4 21. Be3
Bg7 22. Rd3 Rd5 23. Ra3 a6 24. Rd1 Rgd8 25. Rdd3 f5 26. Kb1 g4 27. hxg4 fxg4
28. Ne1 e5 29. f3 gxf3 30. gxf3 Ng3 31. Rdb3 R8d7 32. Nd3 Nf5 33. Bd2 Nxd4 34.
Rxa6 Qb8 35. Rbb6 Nb5 36. Ba5 Nc7 37. Nb4 Nxa6 38. Nxa6 Qa7 39. Qg4 bxa6 40.
Qe6 Rxc5 41. Qe8+ Kc7 42. Rb7+ Kxb7 43. Qxd7+ Kb8 44. Qd8+ Kb7 45. Qd7+ Ka8 46.
Qc8+ Qb8 47. Qxa6+ Qa7 1/2-1/2

[Event "Zottegem - Eynatten 2"]
[Site "?"]
[Date "2013.03.03"]
[Round "10.8"]
[White "Van den Heede, Dorian"]
[Black "Singh, Marcel"]
[Result "0-1"]
[WhiteElo "2080"]
[BlackElo "1889"]
[PlyCount "78"]
[EventDate "2013.??.??"]

1. e4 Nf6 2. e5 Nd5 3. d4 d6 4. Nf3 dxe5 5. Nxe5 Nd7 6. Nxf7 Kxf7 7. Qh5+ Ke6
8. c4 N5f6 9. d5+ Kd6 10. Qf5 Nc5 11. Bf4+ e5 12. Bxe5+ Ke7 13. Qf4 Kf7 14.
Bxc7 Qe8+ 15. Kd2 g5 16. Qe3 Qxe3+ 17. Kxe3 Nce4 18. Bd3 Bc5+ 19. Ke2 Nxf2 20.
Rf1 Re8+ 21. Kd2 Nxd3 22. Kxd3 Kg6 23. Nc3 Bf5+ 24. Kd2 Be3+ 25. Kd1 Bg4+ 26.
Kc2 Rac8 27. Nb5 Nxd5 28. cxd5 a6 29. d6 axb5 30. Rae1 Bf4 31. Kb3 Bd7 32. g3
Bd2 33. Rd1 Re3+ 34. Kc2 Ba5 35. Kb1 Bxc7 36. dxc7 Rxc7 37. Rd6+ Re6 38. Rd5
Bc6 39. Rd2 Rce7 0-1

[Event "Zottegem - Eynatten 2"]
[Site "?"]
[Date "2013.03.03"]
[Round "10.6"]
[White "Ghyselen, Wouter"]
[Black "Roefe, Detlef"]
[Result "0-1"]
[WhiteElo "2144"]
[BlackElo "1975"]
[PlyCount "118"]
[EventDate "2013.??.??"]

1. d4 Nf6 2. c4 c5 3. d5 e5 4. Nc3 d6 5. e4 Be7 6. g3 O-O 7. Bg2 Ne8 8. Nge2 f5
9. f4 Bf6 10. O-O g6 11. Be3 Ng7 12. Qd2 a6 13. Rab1 Nd7 14. Kh1 exf4 15. Nxf4
Ne5 16. b3 Ng4 17. Bg1 Bd7 18. exf5 Bxf5 19. Rbe1 Ne5 20. Ne6 Nxe6 21. dxe6 Rb8
22. Rxf5 gxf5 23. Nd5 b5 24. cxb5 axb5 25. Rxe5 dxe5 26. Bxc5 Re8 27. Qh6 Bg7
28. Qh5 Rxe6 29. Qxf5 Rf6 30. Qe4 Rf7 31. h4 Rc8 32. Be3 Qa5 33. Qg4 Qe1+ 34.
Kh2 Rc2 35. Qe4 Qe2 36. Nb4 Rb2 37. Kh3 Bf8 38. Nd3 Rxa2 39. Nxe5 Qxg2+ 40.
Qxg2 Rxg2 41. Kxg2 Rc7 42. Bd4 Rc2+ 43. Kf3 Bc5 44. Ke4 Re2+ 45. Kd3 Bxd4 46.
Kxd4 Kg7 47. b4 Kf6 48. Nd3 Rc2 49. Ke4 Rc4+ 50. Ke3 Kf5 51. Kf3 h5 52. Ke3 Rc3
53. Kd4 Rc2 54. Nf4 Kg4 55. Kd5 Rc4 56. Kd6 Rxb4 57. Kc5 Rb3 58. Ne2 Re3 59.
Nf4 Rxg3 0-1

[Event "Zottegem - Eynatten 2"]
[Site "?"]
[Date "2013.03.03"]
[Round "10.4"]
[White "Roos, David"]
[Black "Mroczek, Mathias"]
[Result "0-1"]
[WhiteElo "2164"]
[BlackElo "2102"]
[PlyCount "83"]
[EventDate "2013.??.??"]

1. e4 e6 2. d4 d5 3. Nc3 Nc6 4. e5 f6 5. Nf3 fxe5 6. dxe5 Nh6 7. h3 Nf7 8. Bf4
a6 9. a3 Bc5 10. Bd3 Bd7 11. Qe2 Qe7 12. O-O g5 13. Bg3 O-O-O 14. Rae1 h5 15.
Nxd5 exd5 16. e6 g4 17. exd7+ Qxd7 18. Nh4 Ne7 19. b4 gxh3 20. bxc5 hxg2 21.
Kxg2 Rde8 22. Qd2 Rhg8 23. Qf4 Ng5 24. Nf5 Ne4 25. Bxe4 dxe4 26. Rd1 Qc6 27.
Nd4 Qd7 28. c6 Nxc6 29. Nb5 Qe7 30. Qf5+ Qe6 31. Qxe6+ Rxe6 32. Nxc7 Rxg3+ 33.
fxg3 Kxc7 34. Rfe1 Na5 35. Rd4 e3 36. Kf3 Rc6 37. Rxe3 Rxc2 38. Re5 Nc6 39.
Rxh5 Nxd4+ 40. Ke3 Ne6 41. Rh7+ Kc6 42. Ke4 0-1

[Event "Zottegem - Eynatten 2"]
[Site "?"]
[Date "2013.03.03"]
[Round "10.2"]
[White "Hamblok, Roel"]
[Black "Litwak, Aleksej"]
[Result "1-0"]
[WhiteElo "2261"]
[BlackElo "2237"]
[PlyCount "63"]
[EventDate "2013.??.??"]

1. e4 c5 2. d4 cxd4 3. c3 d3 4. Bxd3 d6 5. c4 Nf6 6. Nc3 e6 7. Nf3 Be7 8. O-O
O-O 9. Qe2 Nbd7 10. Bg5 Qc7 11. Bc2 b6 12. Nd2 Bb7 13. f4 Rfe8 14. Rae1 g6 15.
Kh1 Bf8 16. Qf2 Bg7 17. Nb5 Qb8 18. e5 dxe5 19. Bxf6 Nxf6 20. fxe5 Ng4 21.
Qxf7+ Kh8 22. Nd6 Nxe5 23. Qxe8+ Qxe8 24. Nxe8 Rxe8 25. b3 Rd8 26. Ne4 Nd3 27.
Bxd3 Rxd3 28. Rd1 Rd4 29. Rxd4 Bxd4 30. Nd6 Bc6 31. Rf8+ Kg7 32. Rc8 1-0

[Event "Zottegem - Eynatten 1"]
[Site "?"]
[Date "2013.02.03"]
[Round "8.8"]
[White "De Weird, Matthias"]
[Black "Schoorl, Rob"]
[Result "0-1"]
[WhiteElo "1658"]
[BlackElo "2340"]
[PlyCount "46"]
[EventDate "2013.02.02"]

1. e4 e5 2. Nf3 Nc6 3. Nc3 g6 4. Bc4 Bg7 5. d3 Na5 6. Bb3 Nxb3 7. axb3 Ne7 8.
d4 exd4 9. Nxd4 O-O 10. O-O d5 11. Ndb5 c6 12. Rxa7 Rxa7 13. Nxa7 Be6 14. exd5
Nxd5 15. Nxd5 Bxd5 16. c4 Be6 17. Qc2 Bd4 18. Rd1 Qb6 19. Bh6 Ra8 20. h3 Qxa7
21. Qd2 Bg7 22. Be3 Qb8 23. f4 h5 0-1

[Event "Zottegem - Eynatten 1"]
[Site "?"]
[Date "2013.02.03"]
[Round "8.6"]
[White "Ghyselen, Wouter"]
[Black "Kern, Guido"]
[Result "1/2-1/2"]
[WhiteElo "2144"]
[BlackElo "2382"]
[PlyCount "105"]
[EventDate "2013.02.02"]

1. d4 e6 2. c4 Bb4+ 3. Bd2 a5 4. e3 Nf6 5. Bd3 b6 6. Ne2 d5 7. Qa4+ Qd7 8. Qc2
Ba6 9. b3 c5 10. cxd5 Nxd5 11. Bxa6 Nxa6 12. a3 Bxd2+ 13. Nxd2 cxd4 14. exd4
Rc8 15. Qd3 Nab4 16. axb4 Nxb4 17. Qb1 Nc2+ 18. Kf1 Nxa1 19. Qxa1 O-O 20. Nc4
Qc7 21. f4 a4 22. Kf2 axb3 23. Ne3 Ra8 24. Qc3 Qxc3 25. Nxc3 Rfc8 26. Ne2 Ra4
27. Rb1 Rb4 28. Kf3 f5 29. d5 Kf7 30. dxe6+ Kxe6 31. Rxb3 Rxb3 32. Nd4+ Kd6 33.
Nxb3 g6 34. Nd4 Kc5 35. Ne6+ Kb4 36. g4 fxg4+ 37. Kxg4 b5 38. h4 Ka3 39. Nd4 b4
40. h5 gxh5+ 41. Kxh5 b3 42. Nxb3 Kxb3 43. f5 Kc3 44. Kh6 Kd4 45. Kxh7 Ke5 46.
Kg7 Rc3 47. f6 Ke6 48. Nf5 Rc7+ 49. Ne7 Ra7 50. Kg6 Ra1 51. Kg7 Rf1 52. Ng8
Rg1+ 53. Kf8 1/2-1/2

[Event "Zottegem - Eynatten 1"]
[Site "?"]
[Date "2013.02.03"]
[Round "8.4"]
[White "Roos, David"]
[Black "Polaczek, Richard"]
[Result "0-1"]
[WhiteElo "2164"]
[BlackElo "2426"]
[PlyCount "50"]
[EventDate "2013.02.02"]

1. e4 Nf6 2. e5 Nd5 3. d4 d6 4. c4 Nb6 5. f4 dxe5 6. fxe5 c5 7. d5 g6 8. Nc3
Bg7 9. Bf4 O-O 10. Be2 e6 11. d6 Nc6 12. Nf3 Nd7 13. Qd2 Ndxe5 14. Nxe5 Bxe5
15. O-O-O Bxf4 16. Qxf4 e5 17. Qe3 Nd4 18. d7 Bxd7 19. Qxe5 Re8 20. Qd5 Nxe2+
21. Nxe2 Rxe2 22. Qxd7 Qg5+ 23. Rd2 Qxg2 24. Rhd1 Rxd2 25. Rxd2 Qf1+ 0-1

[Event "Zottegem - Eynatten 1"]
[Site "?"]
[Date "2013.02.03"]
[Round "8.2"]
[White "Hamblok, Roel"]
[Black "Koch, Thomas"]
[Result "1/2-1/2"]
[WhiteElo "2261"]
[BlackElo "2451"]
[PlyCount "83"]
[EventDate "2013.02.02"]

1. e4 c5 2. Nc3 Nc6 3. Bb5 e5 4. d3 Nge7 5. f4 exf4 6. Bxf4 Ng6 7. Bg3 Be7 8.
Nf3 d6 9. O-O O-O 10. Nd5 a6 11. Bxc6 bxc6 12. Nxe7+ Qxe7 13. Nd2 Be6 14. b3
Rad8 15. Qh5 d5 16. Rae1 c4 17. e5 cxd3 18. cxd3 Qc5+ 19. Rf2 Qb4 20. h3 c5 21.
Ref1 h6 22. Kh1 Qc3 23. Qe2 a5 24. Nf3 c4 25. Qd2 Qxd2 26. Rxd2 Rc8 27. dxc4
dxc4 28. bxc4 Rxc4 29. Rb1 Ra4 30. Rbb2 Ra3 31. Kh2 Ne7 32. Bf2 Rc8 33. Nd4 Nd5
34. Nb5 Ra4 35. Rd4 Rb4 36. Rdxb4 Nxb4 37. Bb6 Nd3 38. Rd2 Nxe5 39. Bxa5 Nc4
40. Rd8+ Rxd8 41. Bxd8 Bd7 42. Nc3 1/2-1/2

[Event "Zottegem - CREC"]
[Site "?"]
[Date "2012.12.16"]
[Round "6.7"]
[White "De Herdt, Yasseen"]
[Black "Akhayan, Ruben"]
[Result "1-0"]
[WhiteElo "2096"]
[BlackElo "2288"]
[PlyCount "136"]
[EventDate "2012.??.??"]

1. Nf3 d5 2. c4 c6 3. e3 Nf6 4. b3 e6 5. Bb2 Nbd7 6. d3 Bd6 7. Nbd2 O-O 8. cxd5
exd5 9. Be2 Re8 10. O-O Qc7 11. Re1 Ne5 12. Bxe5 Bxe5 13. Nxe5 Qxe5 14. a3 a5
15. Qc1 Bf5 16. d4 Qd6 17. Qb2 Ne4 18. b4 Nxd2 19. Qxd2 axb4 20. axb4 b5 21.
Qc3 h6 22. Rec1 Bd7 23. Ra3 Rxa3 24. Qxa3 f5 25. f4 Qe7 26. Rc3 Qh4 27. g3 Qe7
28. Kf2 g5 29. Bh5 Rf8 30. Rc5 gxf4 31. exf4 Qe4 32. Qa7 Qxd4+ 33. Kg2 Qe4+ 34.
Kh3 Qe6 35. Rc2 Qd6 36. Re2 Kh8 37. Qd4+ Qf6 38. Re5 Qg7 39. Qe3 Qf6 40. Qc5
Rg8 41. Qd4 Rf8 42. Kg2 Kh7 43. Qc5 Rg8 44. Kf3 Rg7 45. Ke2 Rg8 46. Kd3 Rg7 47.
Kc3 Kh8 48. Kd3 Kh7 49. Kc3 Kh8 50. Kb3 Kh7 51. Re1 d4 52. Re5 d3 53. Kc3 Qd8
54. Kxd3 Be8+ 55. Ke3 Bxh5 56. Qxc6 Rc7 57. Qd5 Rd7 58. Qb3 Rd1 59. Qc3 Qb6+
60. Rc5 Rd5 61. Qf6 Rxc5 62. Qxb6 Rc3+ 63. Kd4 Rc4+ 64. Ke5 Re4+ 65. Kxf5 Re7
66. Qxb5 Bg6+ 67. Kg4 Kg7 68. Kf3 Be8 1-0

[Event "Zottegem - CREC"]
[Site "?"]
[Date "2012.12.16"]
[Round "6.5"]
[White "Ghysels, Marc"]
[Black "Laurent, Bruno"]
[Result "0-1"]
[WhiteElo "2144"]
[BlackElo "2339"]
[PlyCount "60"]
[EventDate "2012.??.??"]

1. e4 e6 2. d4 d5 3. Nc3 Nf6 4. Bg5 Bb4 5. e5 h6 6. Bd2 Bxc3 7. Bxc3 Ne4 8. Qg4
O-O 9. Bd3 Nxc3 10. bxc3 c5 11. dxc5 Nc6 12. f4 Qa5 13. Ne2 Qxc5 14. h4 Bd7 15.
Rh3 f5 16. Qf3 Rac8 17. g4 fxg4 18. Qxg4 Ne7 19. Rg3 Rf7 20. Rb1 b6 21. Rb3 Qa5
22. Qg6 Nxg6 23. Bxg6 Rff8 24. Kd2 Qxa2 25. Rg4 Be8 26. Nd4 Bxg6 27. Rxg6 Rxf4
28. Nxe6 Rf2+ 29. Ke3 Qxc2 30. Rxg7+ Kh8 0-1

[Event "Zottegem - CREC"]
[Site "?"]
[Date "2012.12.16"]
[Round "6.3"]
[White "Michiels, Dirk"]
[Black "Eliet, Nicolas"]
[Result "1/2-1/2"]
[WhiteElo "2247"]
[BlackElo "2349"]
[PlyCount "52"]
[EventDate "2012.??.??"]

1. Nf3 d5 2. c4 e6 3. g3 dxc4 4. Bg2 Nd7 5. Qc2 Ngf6 6. O-O c5 7. a4 Rb8 8. Na3
b6 9. Nxc4 Bb7 10. b3 Be7 11. Bb2 O-O 12. Rfd1 Qc7 13. Rac1 Rfd8 14. Na3 Rbc8
15. b4 Qb8 16. b5 Nd5 17. Nc4 Bf6 18. Bxf6 N5xf6 19. Qb2 Qc7 20. d3 Bd5 21. Ne3
Bxf3 22. Bxf3 Ne5 23. Bg2 Rd4 24. Ra1 h5 25. Rdc1 h4 26. Qc3 hxg3 1/2-1/2

[Event "Zottegem - CREC"]
[Site "?"]
[Date "2012.12.16"]
[Round "6.1"]
[White "De Schampheleire, Glen"]
[Black "Kveinys, Aloyzas"]
[Result "1/2-1/2"]
[WhiteElo "2311"]
[BlackElo "2523"]
[PlyCount "57"]
[EventDate "2012.??.??"]

1. d4 Nf6 2. c4 e6 3. g3 d5 4. Bg2 dxc4 5. Nf3 a6 6. O-O Nc6 7. Nc3 Rb8 8. e4
Be7 9. Qe2 b5 10. Rd1 O-O 11. d5 exd5 12. e5 d4 13. exf6 Bxf6 14. Ne4 h6 15.
Qd2 Bf5 16. Qf4 Bxe4 17. Qxe4 Qd7 18. a4 Rfe8 19. Qf4 b4 20. Be3 Rbd8 21. Bf1
c3 22. bxc3 bxc3 23. Rac1 Qe6 24. Bxd4 Nxd4 25. Nxd4 Rxd4 26. Rxd4 Bg5 27. Qxc7
Bxc1 28. Qxc3 Bg5 29. Qd3 1/2-1/2

[Event "Zottegem - Borgerhout"]
[Site "?"]
[Date "2012.09.23"]
[Round "1.8"]
[White "Van den Heede, Dorian"]
[Black "Lombaers, Peter"]
[Result "0-1"]
[WhiteElo "2080"]
[BlackElo "2142"]
[PlyCount "32"]
[EventDate "2012.09.23"]

1. e4 Nf6 2. e5 Nd5 3. d4 d6 4. f4 dxe5 5. fxe5 c5 6. Nf3 Bg4 7. Bb5+ Nc6 8.
O-O e6 9. c3 Be7 10. Qd3 O-O 11. Nbd2 cxd4 12. cxd4 Ncb4 13. Qe2 Nc2 14. Rb1
Nxd4 15. Qd3 Nxf3+ 16. gxf3 Bh3 0-1